Geometría descriptiva aplicada / (Registro nro. 453)
[ vista simple ]
| 000 -LEADER | |
|---|---|
| fixed length control field | 01779nam a2200253Ia 4500 |
| 003 - CONTROL NUMBER IDENTIFIER | |
| control field | PE SENCICO BE |
| 005 - DATE AND TIME OF LATEST TRANSACTION | |
| control field | 20251020182438.0 |
| 008 - FIXED-LENGTH DATA ELEMENTS--GENERAL INFORMATION | |
| fixed length control field | 200515s9999 xx 000 0 und d |
| 020 ## - INTERNATIONAL STANDARD BOOK NUMBER | |
| International Standard Book Number | 970-15-0271-X |
| 040 ## - CATALOGING SOURCE | |
| Original cataloging agency | PE SENCICO BE |
| Transcribing agency | PE SENCICO BE |
| 041 ## - LANGUAGE CODE | |
| Language code of text/sound track or separate title | spa |
| 082 ## - DEWEY DECIMAL CLASSIFICATION NUMBER | |
| Classification number | 516.6 |
| Item number | B39 |
| 100 1# - MAIN ENTRY--PERSONAL NAME | |
| Personal name | Bermejo Herrero, Miguel |
| 9 (RLIN) | 3200 |
| Relator term | autor |
| 245 10 - TITLE STATEMENT | |
| Title | Geometría descriptiva aplicada / |
| Statement of responsibility, etc. | Miguel Bermejo Herrero |
| 250 ## - EDITION STATEMENT | |
| Edition statement | [1a ed.] |
| 260 ## - PUBLICATION, DISTRIBUTION, ETC. | |
| Place of publication, distribution, etc. | México, D.F. : |
| Name of publisher, distributor, etc. | Alfaomega ; |
| Date of publication, distribution, etc. | 1999 |
| 300 ## - PHYSICAL DESCRIPTION | |
| Extent | 274 páginas : |
| Other physical details | ilustraciones, gráficos ; |
| Dimensions | 25 cm. |
| 505 0# - FORMATTED CONTENTS NOTE | |
| Formatted contents note | Concepto de dibujo técnico -- Representación de puntos, rectas y planos -- Intersecciones y paralelismo -- Cambio de planos y proyección -- Aplicaciones de los giros -- Homología -- Abatimientos, tiedros, perpendicularidad -- Clasificación de superficies poliedros -- Superficies radiales -- Intersección de superficies -- Sistema de planos acotados -- Principios generales de la axonometría -- Axonometría ortogonal: punto, recta y plano -- Perpendicularidad y abatimiento -- Perspectivas axonométricas -- Principios generados del sistema cónico -- Recta, plano, intersecciones, paralelismo -- Perspectivas cónicas |
| 520 3# - SUMMARY, ETC. | |
| Summary, etc. | Presenta conceptos de dibujo técnico, sistemas de representación europeo y americano, representación de puntos y planos, intersecciones, pasando por planos de proyección, homología, proyecciones, abatimientos, triedros, superficies poliedros, superficies radiales, sistemas de planos acotados, hasta los principios de axonometría, axonometría ortogonal, principios del sistema cónico y perspectivas cónicas. |
| 650 10 - SUBJECT ADDED ENTRY--TOPICAL TERM | |
| Topical term or geographic name entry element | Geometría descriptiva |
| 9 (RLIN) | 22 |
| 650 20 - SUBJECT ADDED ENTRY--TOPICAL TERM | |
| Topical term or geographic name entry element | Proyecciones e isometrías |
| 9 (RLIN) | 874 |
| 650 20 - SUBJECT ADDED ENTRY--TOPICAL TERM | |
| Topical term or geographic name entry element | Geometría |
| 9 (RLIN) | 21 |
| 942 ## - ADDED ENTRY ELEMENTS (KOHA) | |
| Koha item type | Libros |
| Source of classification or shelving scheme | Dewey Decimal Classification |
| Fecha de la última vez que lo usaron | Número de ingreso o de inventario | Pago total | Signatura topográfica completa | Código de barras | Precio efectivo desde | Tipo de documento | Estado perdido | Sistema de clasificación | Estado dañado | No es para préstamo | Retirado | Ubicación permanente | Ubicación actual | Fecha de adquisición |
|---|---|---|---|---|---|---|---|---|---|---|---|---|---|---|
| 15/05/2020 | 12876 | 516.6/B39 | BibLima25070018 | 15/05/2020 | Libros | Dewey Decimal Classification | Biblioteca Central Lima | Biblioteca Central Lima | 15/05/2020 |